Resource sharing : co-operation and co-ordination in library and information services

Αποθηκεύτηκε σε:
Λεπτομέρειες βιβλιογραφικής εγγραφής
Κύριος συγγραφέας: Sewell, Philip Hooper
Μορφή: Βιβλίο
Γλώσσα:English
Δημοσίευση: London : A. Deutsch, 1981
Θέματα:
Ετικέτες: Προσθήκη ετικέτας
Δεν υπάρχουν, Καταχωρήστε ετικέτα πρώτοι!

MARC

LEADER 00000cam a2200000 i 4500
001 1/19662
008 120517s1981 eng d
020 |a 0233973427 
035 |l 10112512 
040 |a GR-MY-UA  |b gre  |e aacr 
041 0 |a eng 
082 0 |a 021.640941  |2 (22) 
100 1 |a Sewell, Philip Hooper. 
245 1 0 |a Resource sharing :  |b co-operation and co-ordination in library and information services /  |c Philip H. Sewell 
260 |a London :   |b A. Deutsch,   |c 1981 
300 |a 159 σ.;  |c 22 εκ. 
504 |a Βιβλιογραφία: σ. 147-152. Ευρετήριο 
650 0 0 |a Library cooperation  |z Great Britain. 
852 |a INST  |b SYROS  |e 20120517  |h 021.640941 SEW  |p 005500010307  |q 005500010307  |t BK  |y 0 
901 |a BIBL5-2012-1 
909 |a Ε  |b 173891 
970 |a ΚΟΝΤΟΥ  |b ΠΑΡΑΣΚΕΥΗ  |z 2012/05/17